| Tag |
First Indicator |
Second Indicator |
Subfields |
| LEADER |
00000cam a2200000 4500 |
| 001 |
in00000025584 |
| 005 |
20151007062507.0 |
| 008 |
730911s1946 cau b 00010 eng u |
| 010 |
|
|
|a 43052699
|
| 035 |
|
|
|a (OCoLC)00687470
|
| 035 |
|
|
|9 AAD5042AM
|
| 040 |
|
|
|c CIN
|d TXA
|d UtOrBLW
|
| 049 |
|
|
|a TXAM
|c [169909]
|
| 050 |
|
0 |
|a PN1661
|b .T5
|
| 092 |
|
|
|a 808.2
|b T468a
|
| 100 |
1 |
|
|a Thompson, Alan Reynolds,
|d 1897-
|
| 245 |
1 |
4 |
|a The anatomy of drama /
|c [by] Alan Reynolds Thompson.
|
| 264 |
|
1 |
|a Berkeley,
|a Los Angeles :
|b University of California press,
|c 1946.
|
| 300 |
|
|
|a xx, 417 pages ;
|c 23 cm.
|
| 336 |
|
|
|a text
|b txt
|2 rdacontent
|
| 337 |
|
|
|a unmediated
|b n
|2 rdamedia
|
| 338 |
|
|
|a volume
|b nc
|2 rdacarrier
|
| 504 |
|
|
|a Bibliographical foot-notes. "Toward a working library": pages 395-399.
|
| 650 |
|
0 |
|a Drama.
|
| 999 |
|
|
|a MARS
|
| 999 |
f |
f |
|s 071a9d77-3378-3f9c-8783-5b67e1f98b70
|i a2b39a7d-1d3b-3887-acd0-dd6945f5c2cc
|t 0
|
| 952 |
f |
f |
|p ric
|a Texas A&M University
|b Rellis Campus
|c Joint Library Facility
|d Remote Storage
|t 0
|e PN1661 .T5
|h Library of Congress classification
|i unmediated -- volume
|m A14801197899
|
| 998 |
f |
f |
|a PN1661 .T5
|t 0
|l Remote Storage
|